| 000 | 00719 a2200181 4500 | ||
|---|---|---|---|
| 003 | Nust | ||
| 005 | 20170207153202.0 | ||
| 040 | _cNust | ||
| 082 | _a005.1 | ||
| 100 | _aAli, Akhtar (MSCS-7) | ||
| 245 |
_aDesign and implementation of interactive web surfing application _cAkhtar Ali |
||
| 260 |
_bMCS _cApril 2002 _aRwp. |
||
| 300 | _a73 p. | ||
| 505 | _aIntroduction (page-1), Searching techniques and chatting applications overview (page-10), Socket programming in visual C++ (page-14), Data access objects (page-30), Thesis proposal and software requirements specifications (page-39), Implementation of the software system (page-49). | ||
| 538 | _aAlmirah No 73 Shelf No 1 | ||
| 650 | _aMSCS Thesis | ||
| 651 | _aMSCS-7 | ||
| 942 | _cTHS | ||
| 999 |
_c181032 _d181032 |
||